000 00800cam a2200253 i 4500
001 19883817
005 20180213035628.0
008 170810t20172017maua 001 0 eng d
010 _a 2016591326
020 _a9781319035457 (paperback)
020 _a1319035450 (paperback)
035 _a(OCoLC)ocn964909926
040 _aYDX
_beng
_cYDX
_erda
_dCSA
_dNHA
_dOCLCF
_dDLC
041 _aeng
042 _alccopycat
080 _a808..042 bar
082 0 4 _a808..042 bar
_223
100 _a24
101 _agju
245 1 0 _aCritical thinking, reading and writing :
_c[edited by] Sylvan Barnet, Hugo Bedau, John O'Hara.
906 _a7
_bcbc
_ccopycat
_d2
_encip
_f20
_gy-gencatlg
942 _2ddc
_cBK
999 _c42350
_d42350